000 00504nmm a2200157Ia 4500
008 251105s9999||||xx |||||||||||||||||und||
041 _aspa
100 _aTéllez-Pon, Sergio (coord.)
245 0 _aUn árbol se expande en el cielo :
_b Antología de cuento gay mexicano
264 _a[Madrid, España] :
_bEditorial Egales,
_c2023
300 _a214 páginas
490 _aNarrativa
650 _aLatin American literature
856 _uhttps://public.digitaliapublishing.com/a/135790
942 _cCF
999 _c100274
_d100274